FC 25 TOTW 29 - Statistics

General Stats
  • This quiz has been taken 2 times
  • The average score is 7 of 23
Answer Stats
rat pos club player % Correct
TOTW 87 RB Napoli Giovanni Di Lorenzo
100%
TOTW 87 CM Bayer Leverkusen Aleix Garcia
50%
TOTW 87 RW Rennes Arnautd Kalimuendo
50%
TOTW 85 ST Real Betis Cucho Hernández
50%
TOTW 87 LB Inter Milan Federico Dimarco
50%
TOTW 92 CAM Real Madrid Jude Bellingham
50%
TOTW 89 ST Wolfsburg Frauen Lineth Beerensteyn
50%
TOTW 87 RM Bayern Munich Michael Olise
50%
TOTW 87 CAM Beşiktaş Rafa Silva
50%
TOTW 85 GK FC Cincinnati Roman Celentano
50%
TOTW 85 LB Middlesbrough Samuel Iling-Junior
50%
TOTW 85 CDM Braga Uroš Račić
50%
TOTW 87 CB Madrid CFF Aldana Cometti
0%
TOTW 85 ST Austria Klagenfurt David Toshevski
0%
TOTW 87 CM Ajax Davy Klaasen
0%
TOTW 87 RM Starsbourg Dilane Bakwa
0%
TOTW 85 RM Hoffenheim Frauen Feli Delacauw
0%
TOTW 85 CB Monchengladbach Ko Itakura
0%
TOTW 85 ST Strasbourg Féminine Lorena Azzaro
0%
TOTW 85 LW Stade Brestois Mathias Pereira Lage
0%
TOTW 85 ST Genk Oh Hyeon-Gyu
0%
TOTW 85 ST West Ham Women Shekiera Martinez
0%
TOTW 85 LM FC Botoşani Zoran Mitrov
0%
No matching quizzes found
Score Distribution
Percent of People with Each Score
Percentile by Number Answered
Your Score History
You have not taken this quiz